000 nam a22 7a 4500
999 _c9105
_d9105
008 180123b ||||| |||| 00| 0 eng d
100 _aPandey K V
_95386
245 _aInformation Technology - III
260 _aNew Delhi
_bArya Publication
_c2008